000
00288nam a2200109Ia 4500
008
210430s9999 xx 000 0 und d
082
_a
620.110W244T
100
_a
F.Y.Wang
_9
54822
245
_a
Treatise on materials science and technology
_c
F.Y.Wang
300
_a
375p.
942
_c
BK
_2
ddc
999
_c
565585
_d
565585